000 02148cam a22005174i 4500
003 PE-LiUPU
005 20250731175625.0
008 160819t20172017miu rb 001 0 eng c
020 _a0310516358
020 _a9780310516354
035 _a(Sirsi) i9780310516354
035 _a(OCoLC)907181310
040 _aNcWfSB/DLC
_bspa
_erda
_cDLC
_dBDX
_dTUU
_dYDX
_dOCLCF
_dDTM
_dLNT
_dWAU
_dBTCTA
_dZWZ
_dOCLCO
_dPE-LiUPU
049 _aPRUA
050 0 0 _aPA857
_b.E88 2017
082 0 0 _a487.4
_bE92
_223
100 1 _aEstes, Douglas,
_eautor.
245 1 0 _aQuestions and rhetoric in the Greek New Testament :
_ban essential reference resource for exegesis /
_cDouglas Estes.
264 1 _aGrand Rapids, MI :
_bZondervan,
_c[2017]
300 _apáginas centímetros
336 _atext
_2rdacontent
337 _aunmediated
_2rdamedia
338 _avolume
_2rdacarrier
504 _aBibliografía : páginas 342-374.
504 _aÍndice : páginas 375-395.
505 0 _aIntroduction -- The basics of question formation -- Questions driven by syntax -- Questions driven by semantics -- Questions driven by pragmatics -- The function of questions in the Greek New Testament.
526 _aP145
526 _aP127
526 _aP97
526 _aP35
526 _aP14
526 _aP07
630 0 0 _aBible.
_pNew Testament
_xLanguage, style.
630 0 0 _aBiblia.
_pNuevo Testamento
_xLenguaje, estilo.
630 0 7 _aBible
_pN.T.
_xLangue.
_2ram
630 0 7 _aBiblia
_pN.T.
_xLenguaje.
_2ram
650 0 _aGreek language, Biblical
_xInterrogative.
650 0 _aLengua griega, bíblica
_xInterrogativa.
910 _adbm
_bebj
_cebj
_d20171214
942 _2ddc
_cBOOK
949 _a487.4 E92
_wDEWEY
_c1
_i77560
_lCATALOGING
_mBUL
_p29.99
_r0
_sY
_tBOOK
_u2017-12-14
_xPOSGRADO
_PP85
_0DONACION
_o.STAFF. Colección Teología.
994 _aC0
_bPEPRU
596 _a1
999 _a487.4 E92
_wDEWEY
_c26192
_i77560
_d26192
_e2018-2-22
_f2021-11-11
_g4
_lCCODEBUL1
_mBUL
_n1
_p29.99
_q1
_r0
_sY
_tBOOK
_u2017-12-14
_xTEOLOGIA
_PP85
_0COMPRA
_o.STAFF. Colección Teología.
980 _81
_gALBERTO SANCHEZ Responsable de Automatización